<?xml version="1.0" encoding="UTF-8"?>
<collection xmlns="http://www.loc.gov/MARC21/slim">
 <record>
  <leader>02398nam a2200289 a 4500</leader>
  <controlfield tag="001">1/45400</controlfield>
  <controlfield tag="008">140827s2004    ne            001 0 eng  </controlfield>
  <datafield tag="020" ind1=" " ind2=" ">
   <subfield code="a">0750677171</subfield>
  </datafield>
  <datafield tag="020" ind1=" " ind2=" ">
   <subfield code="a">9780750677172</subfield>
  </datafield>
  <datafield tag="035" ind1=" " ind2=" ">
   <subfield code="l">48360</subfield>
  </datafield>
  <datafield tag="040" ind1=" " ind2=" ">
   <subfield code="a">WAU</subfield>
   <subfield code="b">eng</subfield>
   <subfield code="c">WAU</subfield>
   <subfield code="d">TEF</subfield>
   <subfield code="d">KNOVL</subfield>
   <subfield code="d">OKU</subfield>
   <subfield code="d">OCLCQ</subfield>
   <subfield code="d">SINTU</subfield>
   <subfield code="d">AU@</subfield>
   <subfield code="d">UWW</subfield>
   <subfield code="d">E7B</subfield>
   <subfield code="d">OPELS</subfield>
   <subfield code="d">BAKER</subfield>
   <subfield code="d">CEF</subfield>
   <subfield code="d">B24X7</subfield>
   <subfield code="d">OCLCO</subfield>
   <subfield code="d">OCLCQ</subfield>
   <subfield code="d">OCLCA</subfield>
   <subfield code="d">ZCU</subfield>
   <subfield code="d">OCLCA</subfield>
   <subfield code="d">KNOVL</subfield>
   <subfield code="d">OCLCF</subfield>
   <subfield code="d">GR-PeUP</subfield>
  </datafield>
  <datafield tag="100" ind1="1" ind2=" ">
   <subfield code="a">Zappe, R. W.,</subfield>
   <subfield code="d">1912-</subfield>
  </datafield>
  <datafield tag="245" ind1="1" ind2="0">
   <subfield code="a">Valve selection handbook</subfield>
   <subfield code="h">[electronic resource] :</subfield>
   <subfield code="b">engineering fundamentals for selecting the right valve design for every industrial flow application /</subfield>
   <subfield code="c">by Peter Smith (editor and contributor), and R.W. Zappe.</subfield>
  </datafield>
  <datafield tag="250" ind1=" " ind2=" ">
   <subfield code="a">5th ed.</subfield>
  </datafield>
  <datafield tag="260" ind1=" " ind2=" ">
   <subfield code="a">Amsterdam ;</subfield>
   <subfield code="a">Boston :</subfield>
   <subfield code="b">Elsevier :</subfield>
   <subfield code="b">Gulf Professional Pub.,</subfield>
   <subfield code="c">c2004.</subfield>
  </datafield>
  <datafield tag="300" ind1=" " ind2=" ">
   <subfield code="a">1 online resource (xiii, 399 p.) :</subfield>
   <subfield code="b">ill.</subfield>
  </datafield>
  <datafield tag="504" ind1=" " ind2=" ">
   <subfield code="a">Includes bibliographical references (p. 383-386) and index.</subfield>
  </datafield>
  <datafield tag="505" ind1="0" ind2=" ">
   <subfield code="a">Introduction -- Fundamentals -- Manual valves -- Check valves -- Pressure relief valves -- Rupture discs -- Sizing pressure relief devices -- Actuators -- Double block and bleed ball valves -- Mechanical locking devices for valves.</subfield>
  </datafield>
  <datafield tag="520" ind1=" " ind2=" ">
   <subfield code="a">Valves are the components in a fluid flow or pressure system that regulate either the flow or the pressure of the fluid. They are used extensively in the process industries, especially petrochemical. Though there are only four basic types of valves, there is an enormous number of different kinds of valves within each category, each one used for a specific purpose. No other book on the market analyzes the use, construction, and selection of valves in such a comprehensive manner.-Covers new environmentally-conscious equipment and practices, the most important hot-button issue in the petrochemical industry today -Details new generations of valves for offshore projects, the oil industry's fastest-growing segment -Includes numerous new products that have never before been written about in the mainstream literature.</subfield>
  </datafield>
  <datafield tag="650" ind1=" " ind2="4">
   <subfield code="a">Valves</subfield>
   <subfield code="x">Handbooks, manuals, etc.</subfield>
  </datafield>
  <datafield tag="650" ind1=" " ind2="4">
   <subfield code="a">Robinetterie (Appareils)</subfield>
   <subfield code="v">Guides, manuels, etc.</subfield>
  </datafield>
  <datafield tag="655" ind1=" " ind2="4">
   <subfield code="a">Electronic books.</subfield>
  </datafield>
  <datafield tag="700" ind1="1" ind2=" ">
   <subfield code="a">Smith, Peter,</subfield>
   <subfield code="d">1951 June 7-</subfield>
  </datafield>
  <datafield tag="852" ind1=" " ind2=" ">
   <subfield code="a">INST</subfield>
   <subfield code="b">UNIPILB</subfield>
   <subfield code="c">EBOOKS</subfield>
   <subfield code="e">20140827</subfield>
   <subfield code="p">00b48360</subfield>
   <subfield code="q">00b48360</subfield>
   <subfield code="t">ONLINE</subfield>
   <subfield code="y">0</subfield>
  </datafield>
  <datafield tag="856" ind1="4" ind2="0">
   <subfield code="3">ScienceDirect</subfield>
   <subfield code="u">http://www.sciencedirect.com/science/book/9780750677172</subfield>
  </datafield>
  <datafield tag="856" ind1="4" ind2=" ">
   <subfield code="d">/webopac/covers/03/48360_0750677171.jpg</subfield>
  </datafield>
  <datafield tag="856" ind1="4" ind2=" ">
   <subfield code="d">/webopac/covers/03/48360_9780750677172.jpg</subfield>
  </datafield>
 </record>
</collection>
